| 000 | 00953nam a22002177a 4500 | ||
|---|---|---|---|
| 999 |
_c57570 _d57570 |
||
| 003 | Ge_BSU | ||
| 005 | 20220413100017.0 | ||
| 008 | 200803s2019 ge ||||| |||| 00| 0 geo d | ||
| 020 | _a9789941964602 | ||
| 041 | _ageo | ||
| 080 | _a347.232 ჩ-67 | ||
| 100 |
_aჩიტოშვილი, თამარ _99100 |
||
| 245 |
_aუსაფუძვლო გამდიდრების შემთხვევები : _bთეორიისა და პრაქტიკის ჭრილში / _cთამარ ჩიტოშვილი; მთ. რედ. ბ. ზოიძე. |
||
| 260 |
_aთბ; _bბონა კაუზა, _c2019. |
||
| 300 |
_a173 გვ. _b20 სმ. |
||
| 504 | _aბიბლ. გვ. 163-173 | ||
| 653 | _aსამართალი | ||
| 653 | _aსამოქალაქო სამართალი | ||
| 700 |
_aზოიძე, ბ. _eრედაქტორი _96410 |
||
| 942 |
_2udc _cBK |
||